Catecismo de la doctrina cristiana, ó, Compendio del catecismo grande del P. Francisco Pouget

Detalles Bibliográficos
Autor principal: Pouget, François Aimé 1666-1723
Formato: Libro
Lenguaje:Spanish
Publicado: Madrid 1803
Materias:
Colección:Banco de datos
Acervo:Biblioteca de la Congregación del Oratorio de San Felipe Neri de México. Iglesia La Profesa
Descripción Física:138 [i.e. 238 p.] 16°
Tema general:Catequética
Notas:Portada tipográfica con monograma del impresor en grabado xilográfico. Texto a renglón seguido. La p. 238 numerada erróneamente como 138. Incluye cabecera de título en grabado xilográfico. Encuadernación en piel sobre cartón. Ex libris en estampa: ilegible. Anotación manuscrita en la guarda anterior: "Catecismo de la doctrina cristiana por el P. Fr. A. P. mayo 9 de 1810". Sello en tinta del Oratorio de San Felipe Neri de México. Biblioteca La Profesa, D.F.
LEADER 01115nam a22001810004500
035 |a 531 
041 0 |a spa 
100 1 |a Pouget, François Aimé  |d 1666-1723 
245 1 0 |a Catecismo de la doctrina cristiana, ó, Compendio del catecismo grande del P. Francisco Pouget 
260 |a Madrid  |b en la imprenta de la viuda de Ibarra  |c 1803 
300 |a 138 [i.e. 238 p.]  |c 16° 
500 |a Portada tipográfica con monograma del impresor en grabado xilográfico. Texto a renglón seguido. La p. 238 numerada erróneamente como 138. Incluye cabecera de título en grabado xilográfico. Encuadernación en piel sobre cartón. Ex libris en estampa: ilegible. Anotación manuscrita en la guarda anterior: "Catecismo de la doctrina cristiana por el P. Fr. A. P. mayo 9 de 1810". Sello en tinta del Oratorio de San Felipe Neri de México. Biblioteca La Profesa, D.F. 
650 1 0 |a Catequética 
740 0 |a Compendio del catecismo grande 
949 |a Iglesia La Profesa, Biblioteca 660 
942 |c PROFESA 
943 |g Biblioteca de la Congregación del Oratorio de San Felipe Neri de México. Iglesia La Profesa 
999 |c 947342  |d 947342